Heritage Review (Record no. 73905)
[ view plain ]
| 000 -LEADER | |
|---|---|
| fixed length control field | 01036cam a2200217 4500 |
| 001 - CONTROL NUMBER | |
| control field | ABS67223 |
| 008 - FIXED-LENGTH DATA ELEMENTS--GENERAL INFORMATION | |
| fixed length control field | 031128n2003 000 0 eng u |
| 035 ## - SYSTEM CONTROL NUMBER | |
| System control number | (Sirsi) u124532 |
| 100 ## - MAIN ENTRY--PERSONAL NAME | |
| Personal name | Taylor, J. |
| 245 ## - TITLE STATEMENT | |
| Title | Heritage Review |
| 260 ## - PUBLICATION, DISTRIBUTION, ETC. | |
| Date of publication, distribution, etc. | 2003 |
| 490 ## - SERIES STATEMENT | |
| Series statement | Context |
| Volume/sequential designation | (81) September 2003, 18-19(2) |
| 520 ## - SUMMARY, ETC. | |
| Summary, etc. | Overview of recent discussions on the government review of heritage protection in England. The review will encompass the whole subject of heritage and areas covered will include listed building designation and an overhaul of the planning system. Particular note needs to be taken of the way in which buildings can be demolished or altered without due regard. The views of English Heritage have been sought and the consultation process ended on 31 October 2003. |
| 590 ## - LOCAL NOTE (RLIN) | |
| Local note | ABS |
| 650 ## - SUBJECT ADDED ENTRY--TOPICAL TERM | |
| Topical term or geographic name entry element | HERITAGE PROTECTION |
| 650 ## - SUBJECT ADDED ENTRY--TOPICAL TERM | |
| Topical term or geographic name entry element | LISTED BUILDINGS |
| 650 ## - SUBJECT ADDED ENTRY--TOPICAL TERM | |
| Topical term or geographic name entry element | MONUMENTS |
| 650 ## - SUBJECT ADDED ENTRY--TOPICAL TERM | |
| Topical term or geographic name entry element | CONSERVATION AREAS |
| 690 ## - LOCAL SUBJECT ADDED ENTRY--TOPICAL TERM (OCLC, RLIN) | |
| Topical term or geographic name as entry element | BUILT ENVIRONMENT-BUILDING MAINTENANCE AND REFURBISHMENT-BUILDING CONSERVATION |
| 942 ## - ADDED ENTRY ELEMENTS (KOHA) | |
| Suppress in OPAC | 0 |
| Withdrawn status | Lost status | Source of classification or shelving scheme | Damaged status | Not for loan | Home library | Current library | Shelving location | Date acquired | Total Checkouts | Full call number | Barcode | Date last seen | Copy number | Price effective from | Koha item type |
|---|---|---|---|---|---|---|---|---|---|---|---|---|---|---|---|
| Dewey Decimal Classification | London | London | Journal article | 28/11/2003 | ABS67223 | 124532-1001 | 06/08/2019 | 1 | 06/08/2019 | Journal article |